Overenie vhodnosti ELISA-testu pre diagnostiku urogenitálnej trichomoniázy

Podrobná bibliografia
Hlavní autori: Gombošová, Anna (Autor), Valent, Michal, 1929-2020 (Autor)
Médium: Článok
Jazyk:slovenčina
Fyzický popis:Obr. 1. Tb. 3. Res. angl., lit. 10 zázn. v slov., ruš., angl.
Predmet:

MARC

LEADER 00000nab a2200000 a 4500
001 vtls000340447
003 SK-MaSNL
005 20260304082353.0
008 250424c1988 xo 0 slo
015 |a SNBRB19rr/mm-uuuuu 
035 |a CL0340569 
035 |a urn:nbn:sk:snk-ab8d2 
035 |a (urnnbn)urn:nbn:sk:snk:ar-a03ejv 
035 |a (uuid)8cf0d93f-1db7-40b9-b70a-740b0dd196b2 
040 |a SNKBUCL  |b slo  |c SNKBUCL  |e AACR2 
041 0 |a slo 
044 |a xo  |c SK 
080 |a 616.6:616.97  |2 1981 
080 |a 616.97  |2 1981 
080 |a 616-097  |2 1981 
100 1 |a Gombošová, Anna  |4 aut  |9 8519 
245 1 0 |a Overenie vhodnosti ELISA-testu pre diagnostiku urogenitálnej trichomoniázy  |c Anna Gombošová, Michal Valent 
300 |b Obr. 1. Tb. 3. Res. angl., lit. 10 zázn. v slov., ruš., angl. 
650 0 7 |a trichomoniáza  |2 snkbucl  |9 29481 
655 7 |a články z novín a časopisov  |2 snkbucl  |9 267496 
700 1 |a Valent, Michal,  |d 1929-2020  |4 aut  |9 224017 
773 0 |t Bratislavské lekárske listy  |g Roč. 89, č. 10 (1988), s. 784-788 
850 |a Slovenská národná knižnica 
852 |a Slovenská národná knižnica 
954 |a odborná, vedecká literatúra pôvodná (slovenská)  |2 lita 
958 |a article27 
958 |a NB 
958 |a RK 
958 |a MI 
958 |a OND 
958 |a EUIPO 
992 |a RBX 
999 |c 2795635  |d 2797565